| 000 | 00635nam a22001817a 4500 | ||
|---|---|---|---|
| 005 | 20251108164728.0 | ||
| 008 | 250721s1984 xx 000 0 ara d | ||
| 082 | 1 | 4 | _a614.88/تيل |
| 100 | 1 | _aتيلر، لورد | |
| 245 | 1 | 0 | _aالإسعاف الأولي في المصنع / |
| 264 | 1 |
_aبغداد : _bوزارة الثقافة و الإعلام - دائرة الشؤون و الثقافة و الإعلام، _c1984. |
|
| 300 | _a299ص | ||
| 490 | 0 | _aسلسلة الكتب المترجمة ؛ 133 | |
| 650 | 1 | 7 | _aالإسعاف الأولي |
| 700 | 1 |
_aجميل، حكمت _eترجمة |
|
| 942 |
_2ddc _cBK |
||
| 999 |
_c12899 _d12899 |
||